000 00346 a2200169 4500
001 172915
020 _a85-08-04432-0
040 _cMagnum
100 _aFrança, Mary
240 1 0 _aUm belo sorriso
_lpor
245 1 0 _aUm belo sorriso
300 _a16
362 0 _a1999
440 1 _aÁtica
697 _aLITERATURA INFANTIL
942 _cBK
999 _c172915
_d172915